[Event "MARIENBAD OPEN 2019 - C - FIDE open"]
[Site "the Polonia hotel, Hlavni trid"]
[Date "2019.01.22"]
[Round "5"]
[White "Gnojek, Petr"]
[Black "Shilov, Sergej"]
[Result "1-0"]
[WhiteElo "2086"]
[BlackElo "2243"]
[PlyCount "93"]
[EventDate "2019.01.19"]

1. d4 d6 2. c4 e5 3. dxe5 dxe5 4. Qxd8+ Kxd8 5. Nf3 f6 6. Nc3 Be6 7. e3 Nd7 8.
b3 c6 9. Bb2 Kc7 10. O-O-O Nh6 11. h3 a5 12. Bd3 Bb4 13. Bc2 Nc5 14. a3 Bxc3
15. Bxc3 a4 16. b4 Nb3+ 17. Bxb3 axb3 18. Kb2 Nf7 19. c5 Rhd8 20. Nd2 Ng5 21.
h4 Nf7 22. Nxb3 Nh6 23. b5 Bxb3 24. b6+ Kc8 25. Rxd8+ Kxd8 26. Kxb3 Ke7 27. Rd1
Ng4 28. Be1 e4 29. Rd4 f5 30. a4 Ne5 31. Bb4 Ng4 32. a5 Nf6 33. Rd6 Nd7 34. h5
Rc8 35. a6 bxa6 36. Kc4 Rd8 37. b7 Rb8 38. Rxc6 a5 39. Rc7 axb4 40. c6 Kd6 41.
Rxd7+ Kxc6 42. Rxg7 b3 43. Kxb3 Rxb7+ 44. Rxb7 Kxb7 45. Kc4 Kc6 46. Kd4 Kd6 47.
g4 1-0

[Event "MARIENBAD OPEN 2019 - C - FIDE open"]
[Site "the Polonia hotel, Hlavni trid"]
[Date "2019.01.22"]
[Round "5"]
[White "Pacl, Vaclav"]
[Black "Nemec, Pavel"]
[Result "1/2-1/2"]
[WhiteElo "2013"]
[BlackElo "2232"]
[PlyCount "27"]
[EventDate "2019.01.19"]

1. d4 Nf6 2. Nf3 g6 3. Nbd2 d5 4. e3 Bg7 5. b4 O-O 6. Bb2 Bg4 7. Be2 Nbd7 8. c4
c6 9. O-O Qb6 10. Bc3 a6 11. h3 Bxf3 12. Bxf3 Qc7 13. Rc1 b5 14. cxd5 1/2-1/2

[Event "MARIENBAD OPEN 2019 - C - FIDE open"]
[Site "the Polonia hotel, Hlavni trid"]
[Date "2019.01.22"]
[Round "5"]
[White "Shintre, Neel"]
[Black "Chudinovskikh, Alexander M"]
[Result "0-1"]
[WhiteElo "2053"]
[BlackElo "2184"]
[PlyCount "96"]
[EventDate "2019.01.19"]

1. d4 Nf6 2. Bg5 d5 3. Bxf6 exf6 4. e3 Bd6 5. c4 dxc4 6. Bxc4 O-O 7. Nc3 Nd7 8.
Nf3 Nb6 9. Be2 c6 10. O-O f5 11. Rc1 Be6 12. a3 a5 13. Bd3 Re8 14. Qc2 g6 15.
Rfd1 a4 16. Qe2 Bb3 17. Bc2 Be6 18. Bd3 Qf6 19. Nd2 Kg7 20. Nc4 Bxc4 21. Bxc4
f4 22. Ba2 fxe3 23. fxe3 Qh4 24. h3 Qg3 25. e4 c5 26. Qb5 Bf4 27. Rc2 Qh2+ 28.
Kf1 cxd4 29. Qxb6 dxc3 30. Qxb7 Bg3 31. Rd7 Rf8 32. Rxf7+ Rxf7+ 33. Qxf7+ Kh6
34. Qf3 Rd8 35. Bd5 cxb2 36. Rxb2 Bd6 37. Rf2 Rf8 38. Qe3+ Bf4 39. Qc5 Rb8 40.
Qc2 Be3 41. Rf7 Qg1+ 42. Ke2 Qxg2+ 43. Kd3 Qg3 44. Qe2 Bf4+ 45. Kc4 Rb3 46. Qc2
Qxh3 47. e5 Qc8+ 48. Kd4 Be3+ 0-1

[Event "MARIENBAD OPEN 2019 - C - FIDE open"]
[Site "the Polonia hotel, Hlavni trid"]
[Date "2019.01.22"]
[Round "5"]
[White "Sabuk, Piotr"]
[Black "Dylag, Emilia"]
[Result "1-0"]
[WhiteElo "2395"]
[BlackElo "2002"]
[PlyCount "83"]
[EventDate "2019.01.19"]

1. e4 c5 2. Nf3 d6 3. d4 cxd4 4. Nxd4 Nf6 5. Nc3 a6 6. g3 e5 7. Nb3 Be6 8. Bg2
Be7 9. O-O O-O 10. Re1 Nbd7 11. a4 Rc8 12. Nd2 Nb6 13. Nf1 Qc7 14. Ne3 Rfd8 15.
a5 Nc4 16. Ned5 Bxd5 17. Nxd5 Nxd5 18. Qxd5 b5 19. b3 Nxa5 20. Bd2 Nc6 21. Rxa6
Qb7 22. Rea1 Ra8 23. Rxa8 Rxa8 24. Rxa8+ Qxa8 25. Bf1 Qc8 26. Kg2 b4 27. Bc4
Nd8 28. Bxb4 Qb7 29. Ba5 Qxd5 30. Bxd5 Kf8 31. Kf3 Ne6 32. c3 Bd8 33. Bxd8 Nxd8
34. Ke3 Ke7 35. Kd3 Kd7 36. Kc4 Kc7 37. Kb5 g6 38. g4 f6 39. b4 Kb8 40. Kb6 h6
41. b5 Kc8 42. Ka7 1-0

[Event "MARIENBAD OPEN 2019 - C - FIDE open"]
[Site "the Polonia hotel, Hlavni trid"]
[Date "2019.01.22"]
[Round "5"]
[White "Danko, Jiri"]
[Black "Stalmach, Richard"]
[Result "0-1"]
[WhiteElo "1911"]
[BlackElo "2164"]
[PlyCount "82"]
[EventDate "2019.01.19"]

1. e4 c5 2. Nf3 e6 3. d4 cxd4 4. Nxd4 Nf6 5. Nc3 Nc6 6. Nxc6 bxc6 7. Bd3 d5 8.
exd5 cxd5 9. O-O Be7 10. Qe2 O-O 11. Bf4 Qb6 12. Rab1 Bb7 13. a3 Rac8 14. Rfd1
Rfd8 15. Be5 Nd7 16. Bd4 Qc6 17. Nb5 Bc5 18. b4 Bxd4 19. Nxd4 Qb6 20. Nf3 Nf6
21. Rb3 Ne4 22. Rf1 Rc7 23. h4 Rdc8 24. Rfb1 Rc3 25. R1b2 h6 26. Qe1 Qc7 27.
Nd4 Rxb3 28. Rxb3 Qf4 29. Nf3 e5 30. Qe2 Re8 31. g3 Qg4 32. Nh2 Qe6 33. Nf1 Nd6
34. Ne3 d4 35. Ng2 e4 36. Bb5 d3 37. Bxd3 exd3 38. Qxd3 Qh3 39. f3 Qxg3 40. Rb1
Bxf3 41. Qf1 Re2 0-1

[Event "MARIENBAD OPEN 2019 - C - FIDE open"]
[Site "the Polonia hotel, Hlavni trid"]
[Date "2019.01.22"]
[Round "5"]
[White "Meers, Hubert"]
[Black "Madej, Marek"]
[Result "1-0"]
[WhiteElo "2009"]
[BlackElo "1741"]
[PlyCount "61"]
[EventDate "2019.01.19"]

1. e4 c5 2. Nf3 e6 3. d4 cxd4 4. Nxd4 Nc6 5. Nc3 Qc7 6. g3 a6 7. Bg2 Nf6 8. O-O
b5 9. Re1 Bb7 10. Nd5 Nxd5 11. exd5 Nxd4 12. Qxd4 O-O-O 13. Be3 e5 14. Qb6 Qxb6
15. Bxb6 Re8 16. a4 b4 17. c4 bxc3 18. bxc3 f5 19. c4 d6 20. Bh3 g6 21. g4 f4
22. g5+ Kb8 23. Bd7 Re7 24. Bc6 h6 25. Rab1 hxg5 26. Rb3 g4 27. Reb1 Rhh7 28.
c5 Rh3 29. cxd6 Rxb3 30. Rxb3 Rh7 31. Bc7+ 1-0

[Event "MARIENBAD OPEN 2019 - C - FIDE open"]
[Site "the Polonia hotel, Hlavni trid"]
[Date "2019.01.22"]
[Round "5"]
[White "Deckert, Frank"]
[Black "Pawicka, Magdalena"]
[Result "1/2-1/2"]
[WhiteElo "1977"]
[BlackElo "1709"]
[PlyCount "48"]
[EventDate "2019.01.19"]

1. d4 Nf6 2. Nf3 e6 3. Bg5 d5 4. e3 Be7 5. Bd3 b6 6. Nbd2 Bb7 7. c3 O-O 8. Ne5
Nbd7 9. Qf3 Nxe5 10. dxe5 Nd7 11. Qh3 g6 12. Bf4 Re8 13. Nf3 Nc5 14. Bc2 Ba6
15. Rd1 Qd7 16. b3 Qb5 17. Nd4 Qa5 18. b4 Qxa2 19. bxc5 bxc5 20. Kd2 cxd4 21.
exd4 Qc4 22. Bd3 Qa2+ 23. Bc2 Qc4 24. Bd3 Qa2+ 1/2-1/2

[Event "MARIENBAD OPEN 2019 - C - FIDE open"]
[Site "the Polonia hotel, Hlavni trid"]
[Date "2019.01.22"]
[Round "5"]
[White "Khairullin, Amir"]
[Black "Dadello, Andrzej"]
[Result "1/2-1/2"]
[WhiteElo "1402"]
[BlackElo "1882"]
[PlyCount "88"]
[EventDate "2019.01.19"]

1. d4 d5 2. c4 e6 3. Nf3 Nf6 4. g3 c5 5. Bg2 Nc6 6. O-O cxd4 7. Nxd4 Bc5 8. Nb3
Bb6 9. cxd5 Nxd5 10. e4 Ndb4 11. Na3 O-O 12. Bd2 Nd3 13. Bc3 e5 14. Nc4 Bc7 15.
Qe2 Ndb4 16. f4 Be6 17. Nxe5 Bxe5 18. fxe5 Qd3 19. Qxd3 Nxd3 20. Rfd1 Rad8 21.
h3 Bxb3 22. axb3 Ndxe5 23. b4 a6 24. Rd5 Nc4 25. b5 axb5 26. Rxb5 Rd7 27. Re1
f6 28. e5 N4xe5 29. Bxe5 Nxe5 30. Rxb7 Rxb7 31. Bxb7 Rb8 32. Bd5+ Kf8 33. b3
Rb5 34. Rd1 Ke7 35. Kf2 Rc5 36. Be4 g6 37. Rd5 Rxd5 38. Bxd5 Kd6 39. Bg8 h6 40.
Ke3 Kc5 41. Ke4 Nc6 42. h4 Ne7 43. Bf7 g5 44. hxg5 hxg5 1/2-1/2

[Event "MARIENBAD OPEN 2019 - C - FIDE open"]
[Site "the Polonia hotel, Hlavni trid"]
[Date "2019.01.22"]
[Round "5"]
[White "Horackova, Isabela"]
[Black "Gulsun, Sant"]
[Result "1/2-1/2"]
[WhiteElo "1127"]
[BlackElo "1489"]
[PlyCount "66"]
[EventDate "2019.01.19"]

1. d4 d5 2. Nf3 Nf6 3. e3 Bf5 4. Be2 e6 5. O-O Be7 6. Nbd2 O-O 7. b3 Nbd7 8.
Bb2 c5 9. c3 a6 10. Re1 Rc8 11. c4 h6 12. Nf1 Bg6 13. Ne5 Nxe5 14. dxe5 Ne8 15.
Qc1 f6 16. Rd1 fxe5 17. Bxe5 Nf6 18. a4 Qd7 19. Bf3 Bf7 20. Ng3 Rfd8 21. Qb2
Qe8 22. h3 b5 23. axb5 axb5 24. cxd5 exd5 25. Nf5 Rc6 26. Rd2 Qd7 27. e4 d4 28.
Rad1 Qe8 29. Ra1 Kh8 30. Ra7 Rd7 31. Ra5 b4 32. Rd3 Kg8 33. Qd2 Kh7 1/2-1/2

[Event "MARIENBAD OPEN 2019 - C - FIDE open"]
[Site "the Polonia hotel, Hlavni trida 50, Marianske Lazne"]
[Date "2019.01.22"]
[Round "5"]
[White "Efendieva, Alina"]
[Black "Shevtsova, Stefania"]
[Result "0-1"]
[WhiteElo "1853"]
[BlackElo "1457"]
[PlyCount "0"]
[EventDate "2019.01.19"]

1. e4 c6 2. d4 d5 3. e5 Bf5 4. h4 h5 5. c4 e6 6. Nc3 Be7 7. g3 Bg4 8. f3 
Bf5 9.Be3 Nd7 10. Rc1 Nh6 11. Bf2 O-O 12. Be2 dxc4 13. Bxc4 Nb6 14. Be2 Nd5 15. g4
hxg4 16. fxg4 Bh7 17. g5 Nf5 18. Nh3 Qb6 19. Qd2 Rad8 20. O-O Nb4 21. a3 Nd5
22. Nxd5 Rxd5 23. Bf3 Rd7 24. Rfd1 Rfd8 25. d5 Qb3 26. Rc3 Qa4 27. b3 
Qxa3 28.d6 Nxd6 29. exd6 Rxd6 30. Qc1 Rxd1+ 31. Bxd1 Qxc1 32. Rxc1 Ba3 33. Ra1 
Bb2 34.Rxa7 Rxd1+ 35. Kg2 Be4+ 36. Kg3 Be5+ 37. Nf4 Rd3+ 38. Kg4 Bxf4 39. Kh5 g6+ 0-1

[Event "MARIENBAD OPEN 2019 - D - Open Seniors"]
[Site "Polonia hotel, Marianske Lazne"]
[Date "2019.01.22"]
[Round "5"]
[White "Schatz, Christian"]
[Black "Polich, Sergei"]
[Result "0-1"]
[WhiteElo "2159"]
[BlackElo "2112"]
[PlyCount "157"]
[EventDate "2019.01.19"]

1. Nf3 c5 2. c4 Nc6 3. Nc3 g6 4. g3 Bg7 5. Bg2 e6 6. e3 Nge7 7. d4 cxd4 8. Nxd4
Nxd4 9. exd4 d5 10. cxd5 Nxd5 11. Nxd5 exd5 12. O-O Be6 13. Be3 O-O 14. Qb3 Qd7
15. a4 Rac8 16. Rfc1 h5 17. h4 b6 18. Qb5 Rfd8 19. Qxd7 Bxd7 20. b3 Be6 21. Kh2
Bf6 22. Bf1 Bf5 23. Ba6 Rc2 24. Rxc2 Bxc2 25. b4 Rd7 26. a5 Be7 27. Rc1 Be4 28.
Bb5 Rd8 29. Bd2 bxa5 30. bxa5 Rb8 31. Bf1 Rb2 32. Be3 Bb4 33. Rc8+ Kg7 34. Rb8
Rb1 35. Bg2 Bxa5 36. Rxb1 Bxb1 37. Bxd5 Bc2 38. Bc4 Bb4 39. Ba6 Ba5 40. Kg2
Be4+ 41. f3 Bd5 42. Kf2 f5 43. Bf4 Kf7 44. Be5 Ke7 45. Ke3 Kd7 46. Bb8 Bb6 47.
Be5 Bc7 48. Kf4 Bd8 49. Bb5+ Ke6 50. Be8 Ba5 51. Kg5 Bxf3 52. Kxg6 Kd5 53. Kxf5
Bg4+ 54. Kg6 Bc3 55. Kf6 Bxd4 56. Bf7+ Kc5 57. Be8 a5 58. Ba4 Kc4 59. Be8 Bd1
60. Kf5 Bxe5 61. Kxe5 Kb3 62. Kd4 a4 63. Kd3 a3 64. Kd2 Kb2 65. Kxd1 a2 66.
Bxh5 a1=Q+ 67. Ke2 Qg1 68. g4 Qh2+ 69. Kf3 Qxh4 70. Bg6 Kc3 71. Bf5 Kd4 72. Kf4
Qf2+ 73. Kg5 Ke5 74. Kg6 Qf4 75. Kf7 Qh6 76. Bg6 Qg5 77. Bf5 Qf6+ 78. Kg8 Qe7
79. Kh8 0-1

[Event "MARIENBAD OPEN 2019 - D - Open Seniors"]
[Site "Polonia hotel, Marianske Lazne"]
[Date "2019.01.22"]
[Round "5"]
[White "Kucera, Jiri"]
[Black "Malinovsky, Petr"]
[Result "1/2-1/2"]
[WhiteElo "1939"]
[BlackElo "2004"]
[PlyCount "35"]
[EventDate "2019.01.19"]

1. e4 c5 2. Nf3 g6 3. d4 cxd4 4. Nxd4 Nc6 5. c4 Nf6 6. Nc3 d6 7. Be2 Nxd4 8.
Qxd4 Bg7 9. Bg5 O-O 10. O-O Be6 11. Qd2 Qa5 12. f3 Rfc8 13. b3 a6 14. Rac1 b5
15. Nd5 Qxd2 16. Bxd2 Bxd5 17. cxd5 Nd7 18. Be3 1/2-1/2

[Event "MARIENBAD OPEN 2019 - D - Open Seniors"]
[Site "Polonia hotel, Marianske Lazne"]
[Date "2019.01.22"]
[Round "5"]
[White "Briza, Jiri"]
[Black "Van Kesteren, Stef"]
[Result "1-0"]
[WhiteElo "1944"]
[BlackElo "1853"]
[PlyCount "63"]
[EventDate "2019.01.19"]

1. e4 Nc6 2. Nf3 Nf6 3. e5 Ng4 4. d4 d6 5. h3 Nh6 6. Bb5 a6 7. Bxc6+ bxc6 8.
O-O g6 9. Bf4 dxe5 10. Nxe5 Bb7 11. c3 f6 12. Qb3 Rb8 13. Bxh6 fxe5 14. Bxf8
Rxf8 15. dxe5 Qd5 16. Qxd5 cxd5 17. Nd2 a5 18. Nb3 Bc8 19. Nd4 Rxb2 20. f3 a4
21. Rfb1 Rxb1+ 22. Rxb1 c5 23. Rb8 Kd7 24. Nb5 Rd8 25. Kf2 d4 26. cxd4 cxd4 27.
Ke1 Ke6 28. Na7 Kd7 29. Rxc8 Rxc8 30. Nxc8 Kxc8 31. Kd2 Kd7 32. Kd3 1-0

[Event "MARIENBAD OPEN 2019 - D - Open Seniors"]
[Site "Polonia hotel, Marianske Lazne"]
[Date "2019.01.22"]
[Round "5"]
[White "Chmelik, Jiri"]
[Black "Vagner, Ladislav"]
[Result "1-0"]
[WhiteElo "1977"]
[BlackElo "1972"]
[PlyCount "35"]
[EventDate "2019.01.19"]

1. d4 d5 2. c4 e6 3. Nc3 Nf6 4. Bg5 Nbd7 5. e3 c6 6. Nf3 Qa5 7. Nd2 Bd6 8. Bh4
O-O 9. Bg3 Be7 10. Bd3 Re8 11. O-O Nf8 12. Qc2 Qd8 13. Nf3 dxc4 14. Bxc4 Nd5
15. Rfd1 b5 16. Be2 a6 17. Nxd5 cxd5 18. Bc7 1-0

[Event "MARIENBAD OPEN 2019 - D - Open Seniors"]
[Site "Polonia hotel, Marianske Lazne"]
[Date "2019.01.22"]
[Round "5"]
[White "Horyna, Josef"]
[Black "Svec, Jan"]
[Result "1-0"]
[WhiteElo "1710"]
[BlackElo "1722"]
[PlyCount "63"]
[EventDate "2019.01.19"]

1. d4 d5 2. Bf4 e6 3. e3 Bd6 4. Bg3 Bxg3 5. hxg3 Nf6 6. Bd3 b6 7. c3 h6 8. Nf3
Bd7 9. Ne5 Nc6 10. f4 Qe7 11. Nd2 O-O-O 12. b4 g5 13. Nxd7 Qxd7 14. Bb5 Kb7 15.
Qa4 Qd6 16. Nf3 Nb8 17. Ne5 Rhf8 18. Rxh6 Ne4 19. Qc2 f6 20. Nc4 Qe7 21. Nd2
Rh8 22. Rxh8 Rxh8 23. Nxe4 Rh1+ 24. Bf1 dxe4 25. Qxe4+ Kc8 26. O-O-O f5 27. Qc2
gxf4 28. gxf4 Rh6 29. Be2 Nd7 30. Qa4 c5 31. Qc6+ Kd8 32. Qa8+ 1-0

[Event "MARIENBAD OPEN 2019 - D - Open Seniors"]
[Site "Polonia hotel, Marianske Lazne"]
[Date "2019.01.22"]
[Round "5"]
[White "Lacha, Jan"]
[Black "Simecek, Jan"]
[Result "1-0"]
[WhiteElo "1727"]
[BlackElo "1840"]
[PlyCount "23"]
[EventDate "2019.01.19"]

1. e4 e5 2. Nf3 Nc6 3. Bc4 Bc5 4. c3 Nf6 5. d3 h6 6. O-O a6 7. d4 Ba7 8. Nxe5
Nxe5 9. dxe5 Nxe4 10. Qd5 Qe7 11. Qxe4 c6 12. Bd3 1-0

[Event "MARIENBAD OPEN 2019 - D - Open Seniors"]
[Site "Polonia hotel, Marianske Lazne"]
[Date "2019.01.22"]
[Round "5"]
[White "Rychtecky, Pavel"]
[Black "Ruzicka, Tomas"]
[Result "0-1"]
[WhiteElo "1624"]
[BlackElo "1739"]
[PlyCount "104"]
[EventDate "2019.01.19"]

1. e4 e5 2. Nf3 Nf6 3. d4 exd4 4. e5 Bb4+ 5. c3 dxc3 6. bxc3 Be7 7. exf6 Bxf6
8. Bc4 O-O 9. O-O c6 10. h3 d5 11. Bb3 Bf5 12. Bc2 Be6 13. Bf4 Nd7 14. Bd6 Re8
15. Qd2 Nb6 16. Bg3 Nc4 17. Qd3 g6 18. Nd4 Nb2 19. Qd2 Bg5 20. Bf4 Bf6 21. Bb3
Nc4 22. Bxc4 dxc4 23. Na3 Bd5 24. f3 b5 25. Nac2 a5 26. Rfe1 Qb6 27. Rxe8+ Rxe8
28. Be3 Qb7 29. Rb1 Rd8 30. Qf2 Qe7 31. Ne2 Bh4 32. g3 Bf6 33. Bd4 Bg5 34. h4
Bh6 35. Re1 Bd2 36. Rd1 Bh6 37. Kg2 Bf8 38. Bc5 Qxc5 39. Ned4 Qd6 40. Ne3 b4
41. cxb4 axb4 42. Qc2 Bg7 43. Ne2 Qc5 44. Nxc4 Bxf3+ 45. Kxf3 Rxd1 46. Qxd1
Qxc4 47. Qd8+ Bf8 48. Qa8 Kg7 49. Nf4 Qf1+ 50. Ke3 Bc5+ 51. Ke4 f5+ 52. Ke5
Qe1+ 0-1

[Event "MARIENBAD OPEN 2019 - D - Open Seniors"]
[Site "Polonia hotel, Marianske Lazne"]
[Date "2019.01.22"]
[Round "5"]
[White "Dolezal, Rudolf"]
[Black "Sulot, Zdzislaw"]
[Result "1-0"]
[WhiteElo "1625"]
[BlackElo "1404"]
[PlyCount "93"]
[EventDate "2019.01.19"]

1. e4 e5 2. Nf3 Nc6 3. d4 exd4 4. Nxd4 Nxd4 5. Qxd4 d6 6. Nc3 a6 7. Bc4 h6 8.
O-O Qf6 9. Qe3 c6 10. Re1 Ne7 11. Qg3 Ng6 12. Be3 Be7 13. Rad1 O-O 14. Bd4 Ne5
15. f4 Re8 16. fxe5 dxe5 17. Bxe5 Bc5+ 18. Kh1 Qxe5 19. Qxe5 Rxe5 20. Rd8+ Kh7
21. Bxf7 b5 22. h4 Bf2 23. Bg8+ Kg6 24. Rf1 Bxh4 25. Rd6+ Bf6 26. Rf3 Bg4 27.
Rg3 Rxg8 28. Rxg4+ Kh7 29. Rxc6 Rh5+ 30. Kg1 Bd4+ 31. Kf1 Rf8+ 32. Ke2 Bxc3 33.
Rxc3 Re5 34. Rc7 Rg5 35. Rxg5 hxg5 36. Rc5 Kh6 37. e5 g4 38. Rc6+ Kg5 39. Rxa6
Re8 40. e6 Kf4 41. Rd6 Kg3 42. Kf1 Kh2 43. Rd4 Rxe6 44. Rxg4 g6 45. Kf2 Rf6+
46. Ke3 Re6+ 47. Kd3 1-0

[Event "MARIENBAD OPEN 2019 - D - Open Seniors"]
[Site "Polonia hotel, Marianske Lazne"]
[Date "2019.01.22"]
[Round "5"]
[White "Jesensky, Jaromir"]
[Black "Baraniuk, Andrej"]
[Result "0-1"]
[WhiteElo "1533"]
[BlackElo "1497"]
[PlyCount "51"]
[EventDate "2019.01.19"]

1. e4 c5 2. c3 Nf6 3. d3 Nc6 4. Nf3 d6 5. Be2 e6 6. O-O Be7 7. Nbd2 Qc7 8. Re1
O-O 9. Nf1 Re8 10. Ng3 b6 11. Rf1 Bb7 12. Ne1 Rad8 13. f4 Bc8 14. f5 d5 15. Qc2
Bd6 16. Rf3 d4 17. c4 Ne5 18. Rf4 Nxc4 19. Rh4 Ne3 20. Bxe3 dxe3 21. Nf3 Bxg3
22. hxg3 Qxg3 23. Rh3 Qd6 24. Ng5 exf5 25. Rxe3 Qf4 26. Nxf7 0-1

[Event "MARIENBAD OPEN 2019 - A1 - GM"]
[Site "Polonia hotel, Marianske Lazne"]
[Date "2019.01.23"]
[Round "6"]
[White "Plat, Vojtech"]
[Black "Rakesh, Kumar Jena"]
[Result "1/2-1/2"]
[WhiteElo "2552"]
[BlackElo "2426"]
[PlyCount "0"]
[EventDate "2019.01.19"]

1. e4  c5  2. Nf3  d6
3. Bb5+  Bd7  4. Be2
Nc6  5. d4  cxd4
6. Nxd4  Nf6  7. Nc3
g6  8. Be3  Bg7
9. O-O  O-O  10. h3  a6
11. Qd2  b5  12. a3
Nxd4  13. Bxd4  Bc6
14. Bf3  Qc7  15. Rad1
Rac8  16. Rfe1  e5
17. Be3  Rfd8  18. Bg5
a5  19. b4  axb4
20. axb4  Qb6  21. Qd3
h6  22. Be3  Qb7
23. Ra1  d5  24. exd5
Nxd5  25. Ra7  Nxc3
26. Qxd8+  Rxd8  27. Rxb7
Bxb7  28. Bxb7  Rd7
29. Ba8  Rd8  30. Bb7
1/2-1/2

[Event "MARIENBAD OPEN 2019 - A1 - GM"]
[Site "Polonia hotel, Marianske Lazne"]
[Date "2019.01.23"]
[Round "6"]
[White "Cernousek, Lukas"]
[Black "Chernyshov, Konstantin"]
[Result "1/2-1/2"]
[WhiteElo "2427"]
[BlackElo "2500"]
[PlyCount "0"]
[EventDate "2019.01.19"]

1. d4  e6  2. c4  Nf6
3. Nc3  Bb4  4. Qc2
c5  5. dxc5  Bxc5
6. Nf3  Nc6  7. Bf4
O-O  8. e3  d5 9. Be2
dxc4  10. Bxc4  Nb4
11. Qe2  Nbd5  12. Bxd5
Nxd5  13. Nxd5  Qxd5
14. O-O  b6  15. Ne5 f6 16. e4
1/2-1/2

[Event "MARIENBAD OPEN 2019 - A2 - GM"]
[Site "Polonia hotel, Marianske Lazne"]
[Date "2019.01.23"]
[Round "6"]
[White "Swayams, Mishra"]
[Black "Kulkarni, Bhakti"]
[Result "1-0"]
[WhiteElo "2432"]
[BlackElo "2303"]
[PlyCount "0"]
[EventDate "2019.01.19"]

1. Nf3  d5  2. d4  Nf6
3. Bf4  e6  4. e3
Be7  5. Bd3  O-O
6. Nbd2  c5  7. c3
b6  8. Ne5  Bd6
9. Qf3  Qc7  10. Qh3  g6
11. Qh4  Nh5  12. Bh6
Be7  13. Qh3  Re8
14. g4  Nf6  15. Bf4
Qb7  16. Ndf3  Bf8
17. Ng5  Re7  18. Qh4
Bg7  19. Rg1  Nbd7
20. Nxd7  Qxd7  21. Be5
cxd4  22. exd4  h6
23. Nf3  Ne4  24. Bxg7
Kxg7  25. g5  h5
26. Ne5  Qc7  27. Bxe4
dxe4  28. Qxe4  Bb7
29. Qf4  b5  30. Rg3
a5  31. Re3  Kg8
32. f3  b4  33. c4
Rd8  34. Kf2  Red7
35. Rd1  Ba6  36. b3
a4  37. Kg3  Rd6
38. h4  Bb7  39. c5
Rd5  40. Nxg6  Qxf4+
41. Nxf4  Rxd4  42. Rxd4
Rxd4  43. Rd3  1-0

[Event "MARIENBAD OPEN 2019 - A2 - GM"]
[Site "Polonia hotel, Marianske Lazne"]
[Date "2019.01.23"]
[Round "6"]
[White "Kriebel, Tadeas"]
[Black "Yeritsyan, Aram"]
[Result "1/2-1/2"]
[WhiteElo "2519"]
[BlackElo "2349"]
[PlyCount "0"]
[EventDate "2019.01.19"]

1. e4  e6  2. d4  d5
3. Nc3  Nf6  4. e5
Nfd7  5. f4  c5
6. Nf3  Nc6  7. Be3  cxd4
8. Nxd4  Qb6  9. Qd2
Qxb2  10. Rb1  Qa3
11. Bb5  Nxd4  12. Bxd4
a6  13. Bxd7+  Bxd7
14. Rb3  Qe7  15. Rxb7
Qd8  16. O-O  Rc8
17. Qf2  Rxc3  18. Bxc3
Qc8  19. Rb3  Ba4
20. Bd4  Bxb3  21. axb3
Be7  22. c3  O-O
23. Ra1  Qb7  24. b4
Rc8  25. f5  exf5
26. Qxf5  Rc6  27. Ra5
g6  28. Qf4  Rc4
29. e6  fxe6  30. Qe5
Kf7  31. Ra1  Qc8
32. Qg7+  Ke8  33. Qxh7
Bxb4  34. Qxg6+  Kd7
35. Re1  Rxd4  36. Qf7+
Kd6  37. cxb4  Rxb4
38. h3  a5  39. Kh1
a4  40. Qa7  Qb7
41. Qe3  Rb1  42. Qf4+
Kc5  43. Qf2+  Kd6
44. Qf4+  Kc5  45. Qf8+
Kc6  46. Qe8+  Kc7
47. Qe7+  Kb8  48. Qe8+
Kc7  49. Qe7+  Kc6
50. Qe8+  Kc5  51. Qf8+
Kd4  52. Qf6+  Kc5
53. Qf8+  1/2-1/2

[Event "MARIENBAD OPEN 2019 - A2 - GM"]
[Site "Polonia hotel, Marianske Lazne"]
[Date "2019.01.23"]
[Round "6"]
[White "Gungl, Theo"]
[Black "Simacek, Pavel"]
[Result "0-1"]
[WhiteElo "2368"]
[BlackElo "2481"]
[PlyCount "0"]
[EventDate "2019.01.19"]

1. e4  e5  2. Nf3  Nc6
3. Bb5  a6  4. Bxc6
dxc6  5. O-O  f6
6. d4  Bg4  7. c3
Qe7  8. Nbd2  O-O-O
9. Qc2  g5  10. a4
exd4  11. cxd4  Qe6
12. Qc3  Bxf3  13. gxf3
Ne7 14. Qb3 Qxb3  15. Nxb3  Ng6
16. Rd1  Bd6 17. h3  Nh4
18. Kf1  Nxf3  19. Ke2
Nh4  20. Be3  Rde8
21. f3  h5  22. Nd2
Ng6  23. Rg1  Bh2
24. Rg2  Bf4  25. Rh1
Rh7  26. Nf1  Rd7
27. Ng3  Nh4  28. Rgg1
Bxg3  29. Rxg3  Nf5
30. Rgg1  h4  31. Kf2
Nxd4  32. Rd1  Ne6
33. Rxd7  Kxd7  34. Rc1
Ke7  35. Ke2  Rd8
36. b3  Kd6  37. Rd1+
Ke5  38. Rc1  c5
39. Kf2  Rd3  40. Bxc5
Kf4  0-1

[Event "MARIENBAD OPEN 2019 - B1 - IM"]
[Site "Polonia hotel, Marianske Lazne"]
[Date "2019.01.23"]
[Round "6"]
[White "Jasny, Stanislav"]
[Black "Nagy, Gabor"]
[Result "1/2-1/2"]
[WhiteElo "2365"]
[BlackElo "2479"]
[PlyCount "0"]
[EventDate "2019.01.19"]

1. e4  c5  2. Nf3  e6
3. d4  cxd4  4. Nxd4
a6  5. Nc3  Qc7
6. Be2  Nf6  7. O-O  Bc5
8. Kh1  Nc6  9. Nxc6
bxc6  10. f4  d5
1/2-1/2

[Event "MARIENBAD OPEN 2019 - B2 - IM"]
[Site "Polonia hotel, Marianske Lazne"]
[Date "2019.01.23"]
[Round "6"]
[White "Plischki, Sebastian"]
[Black "German, Nikita"]
[Result "1/2-1/2"]
[WhiteElo "2426"]
[BlackElo "2162"]
[PlyCount "0"]
[EventDate "2019.01.19"]

1. c4  Nf6  2. Nc3  d6
3. d4  g6  4. e4
Bg7  5. Nf3  O-O
6. h3  Na6  7. Be3
c6  8. g4  Nc7
9. Be2  b5  10. g5  Nd7
11. a3  bxc4  12. Bxc4
d5  13. Ba2  dxe4
14. Nxe4  Nd5  15. Qd2
Qb6  16. Rc1  a5
17. Kf1  Rb8  18. Rc2
Bb7  19. Kg2  e5
20. dxe5  Nxe3+  21. Qxe3
Qxe3  22. fxe3  Nxe5
23. Nxe5  Bxe5  24. Nc5
Bc8  25. Rf1  Rxb2
26. Rxb2  Bxb2  27. a4
Kg7  28. Bc4  Ba3
29. Nb3  Bb4  30. Nd4
c5  31. Nb5  f6
32. Nd6  Bd7  33. Bb5  Bxb5
34. axb5  f5  35. b6
Rb8  36. Nc4  Kf7
37. e4  Ke6  38. exf5+
gxf5  39. Rd1  Rb7
40. Rd6+  Ke7  41. Rh6
Kd8  42. Rd6+  Ke7
43. Rh6  Kd8  44. Rd6+
Ke7  1/2-1/2

[Event "MARIENBAD OPEN 2019 - B2 - IM"]
[Site "Polonia hotel, Marianske Lazne"]
[Date "2019.01.23"]
[Round "6"]
[White "Frolov, Artur"]
[Black "Ng, Jen Sheng"]
[Result "1-0"]
[WhiteElo "2430"]
[BlackElo "2075"]
[PlyCount "0"]
[EventDate "2019.01.19"]

1. e4  e6  2. d4  d5
3. Nd2  Nf6  4. e5
Nfd7  5. Bd3  c5
6. c3  Nc6  7. Ne2
cxd4  8. cxd4  f6
9. exf6  Nxf6  10. O-O
Bd6  11. Nf3  Qc7
12. Nc3  a6  13. Bg5
O-O  14. Bh4  Nh5
15. Bg3  Nxg3  16. hxg3
g6  17. Qd2  Qg7
18. Qe3  Bd7  19. Rae1
Rae8  20. Bc2  Bb8
21. Qd2  Rxf3  22. gxf3
Nxd4  23. Bd1  g5
24. Kg2  Rf8  25. Rh1
Qf6  26. Qd3  Rf7
27. Rh5  Bc6  28. Rxg5+
Qxg5  29. Qxd4  Rg7
30. Qg4  Qxg4  31. fxg4
d4+  32. Ne4  Bd5
33. Bb3  Bxb3  34. axb3
Kf7  35. f4  e5
36. Kf3  Ke6  37. f5+  Kd5
38. Rc1  Rc7  39. Rxc7
Bxc7  40. Nf6+  Kc5
41. g5  Bd8  42. Nxh7
Kd5  43. g6  e4+
44. Kg2  1-0